01110nam a22001817a 4500003000400000005001700004008004100021040000700062050001700069245011900086260003600205300002800241440009300269500002000362505039000382653013900772700001700911OSt20230629113321.0190725b xxu||||| |||| 00| 0 eng d cLC aKRX19.A3.G34 aGhana Monthly Judgements: law report of Superior Courts of Ghana: March, 2020: part 157. / cedited by Kwame Gyan. aAccra:bLegalpoint Ltd.,c2020. axxiii, 280 p. :c23 cm. aGhana monthly judgements: law report of Superior Courts of Ghana: March, 2020: part 157. aIncludes index. aContents: Citation -- Index of cases reported -- Index of Ghanaian cases referred to in this report -- Index of foreign cases referred to in this report -- Index of statutes referred to in this report -- Monographs referred to in this report -- Rules of court referred to in this report -- Regulations referred to in this report -- Index of subject-matter referred to in this report -- a Ghana. -- Supreme Court. a Law reports, digests, etc. -- Ghana. aGhana. Court of Appeal. Ghana. Supreme Court. Ghana. High Court. aGyan, Kwame.